<?xml version="1.0" encoding="UTF-8"?><?xml-stylesheet type="text/xsl" href="static/style.xsl"?><OAI-PMH xmlns="http://www.openarchives.org/OAI/2.0/" xmlns:xsi="http://www.w3.org/2001/XMLSchema-instance" xsi:schemaLocation="http://www.openarchives.org/OAI/2.0/ http://www.openarchives.org/OAI/2.0/OAI-PMH.xsd"><responseDate>2026-04-17T19:28:09Z</responseDate><request verb="GetRecord" identifier="oai:www.recercat.cat:2445/104422" metadataPrefix="marc">https://recercat.cat/oai/request</request><GetRecord><record><header><identifier>oai:recercat.cat:2445/104422</identifier><datestamp>2025-12-05T14:46:31Z</datestamp><setSpec>com_2072_1057</setSpec><setSpec>col_2072_478821</setSpec><setSpec>col_2072_478917</setSpec></header><metadata><record xmlns="http://www.loc.gov/MARC21/slim" xmlns:dcterms="http://purl.org/dc/terms/" xmlns:xsi="http://www.w3.org/2001/XMLSchema-instance" xmlns:doc="http://www.lyncode.com/xoai" xsi:schemaLocation="http://www.loc.gov/MARC21/slim http://www.loc.gov/standards/marcxml/schema/MARC21slim.xsd">
   <leader>00925njm 22002777a 4500</leader>
   <datafield ind2=" " ind1=" " tag="042">
      <subfield code="a">dc</subfield>
   </datafield>
   <datafield ind2=" " ind1=" " tag="720">
      <subfield code="a">García-Valenzuela, Jorge A.</subfield>
      <subfield code="e">author</subfield>
   </datafield>
   <datafield ind2=" " ind1=" " tag="720">
      <subfield code="a">Rivera, R.</subfield>
      <subfield code="e">author</subfield>
   </datafield>
   <datafield ind2=" " ind1=" " tag="720">
      <subfield code="a">Morales-Vilches, A. B.</subfield>
      <subfield code="e">author</subfield>
   </datafield>
   <datafield ind2=" " ind1=" " tag="720">
      <subfield code="a">Gerling-Sarabia, L. G.</subfield>
      <subfield code="e">author</subfield>
   </datafield>
   <datafield ind2=" " ind1=" " tag="720">
      <subfield code="a">Caballero, A.</subfield>
      <subfield code="e">author</subfield>
   </datafield>
   <datafield ind2=" " ind1=" " tag="720">
      <subfield code="a">Asensi López, José Miguel</subfield>
      <subfield code="e">author</subfield>
   </datafield>
   <datafield ind2=" " ind1=" " tag="720">
      <subfield code="a">Voz Sánchez, Cristóbal</subfield>
      <subfield code="e">author</subfield>
   </datafield>
   <datafield ind2=" " ind1=" " tag="720">
      <subfield code="a">Bertomeu i Balagueró, Joan</subfield>
      <subfield code="e">author</subfield>
   </datafield>
   <datafield ind2=" " ind1=" " tag="720">
      <subfield code="a">Andreu i Batallé, Jordi</subfield>
      <subfield code="e">author</subfield>
   </datafield>
   <datafield ind2=" " ind1=" " tag="260">
      <subfield code="c">2016-12-02T14:37:58Z</subfield>
   </datafield>
   <datafield ind2=" " ind1=" " tag="260">
      <subfield code="c">2018-11-30T06:10:13Z</subfield>
   </datafield>
   <datafield ind2=" " ind1=" " tag="260">
      <subfield code="c">2016-11-30</subfield>
   </datafield>
   <datafield ind2=" " ind1=" " tag="260">
      <subfield code="c">2016-12-02T14:38:03Z</subfield>
   </datafield>
   <datafield ind2=" " ind1=" " tag="520">
      <subfield code="a">In this work, 50-nm thick Al2O3 thin films were deposited at room temperature by magnetron sputtering from an Al2O3 ceramic target at different RF power and argon pressure values. The sputtering technique could be preferred to conventional atomic layer deposition for an industrial application, owing to its simplicity, availability, and higher deposition rate. The resulting thin films were characterized by UV/Vis/NIR spectroscopy, X-ray diffraction, and X-ray photoelectron spectroscopy. The deposited Al2O3 material was always highly transparent and amorphous in nature. It was found that the O/Al ratio is higher when the Al2O3 layer is deposited at lower RF power or higher argon pressure. Also, some argon incorporation into the films was observed at low deposition pressure. On the other hand, the performance of the previously characterized Al2O3 thin films in the passivation of 2.25-Ωcm p-type float zone c-Si wafer surfaces was evaluated by the quasi-steady-state photoconductance technique. The best effective carrier lifetime value at one-sun illumination, 0.34 ms (corresponding to a surface recombination velocity of 41 cm/s), was obtained with the 50-nm Al2O3 deposited at the higher argon pressure studied, 0.67 Pa (5.0 mTorr), with the lowest RF power studied, 150 W (corresponding to a power density of 3.3 W/cm2), and after an annealing process, in this case at 350ºC for 20 min with forming gas. It was assumed that the reduction of the surface passivation quality at higher RF power or lower argon pressure is a consequence of an increased surface damage, and, probably, to a decrease of the O/Al ratio of the Al2O3 passivation material. These assumptions were confirmed with the obtainment of a lifetime of 0.73 ms (a surface recombination velocity equal to 19 cm/s) with a simple experiment with Al2O3 deposited with progressively varied sputtering conditions started from minimal silicon surface damage conditions: 50 W (corresponding to a power density of 1.1 W/cm2) and 6.67 Pa (50 mTorr). Finally, comments about further improvement of the effective lifetime (up to 1.25 ms, corresponding to a surface recombination velocity of 11 cm/s) with preliminary experiments about the incorporation of an intrinsic hydrogenated amorphous silicon interlayer are included.</subfield>
   </datafield>
   <datafield tag="653" ind2=" " ind1=" ">
      <subfield code="a">Pel·lícules fines</subfield>
   </datafield>
   <datafield tag="653" ind2=" " ind1=" ">
      <subfield code="a">Radiofreqüència</subfield>
   </datafield>
   <datafield tag="653" ind2=" " ind1=" ">
      <subfield code="a">Silici</subfield>
   </datafield>
   <datafield tag="653" ind2=" " ind1=" ">
      <subfield code="a">Fotoconductivitat</subfield>
   </datafield>
   <datafield tag="653" ind2=" " ind1=" ">
      <subfield code="a">Thin films</subfield>
   </datafield>
   <datafield tag="653" ind2=" " ind1=" ">
      <subfield code="a">Radio frequency</subfield>
   </datafield>
   <datafield tag="653" ind2=" " ind1=" ">
      <subfield code="a">Silicon</subfield>
   </datafield>
   <datafield tag="653" ind2=" " ind1=" ">
      <subfield code="a">Photoconductivity</subfield>
   </datafield>
   <datafield ind2="0" ind1="0" tag="245">
      <subfield code="a">Main properties of Al2O3 thin films deposited by magnetron sputtering of an Al2O3 ceramic target at different radio-frequency power and argon pressure and their passivation effect on p-type c-Si wafers</subfield>
   </datafield>
</record></metadata></record></GetRecord></OAI-PMH>